|
|
|
|
| LEADER |
03296nam a22005055i 4500 |
| 001 |
978-3-319-13800-8 |
| 003 |
DE-He213 |
| 005 |
20151028141107.0 |
| 007 |
cr nn 008mamaa |
| 008 |
150406s2015 gw | s |||| 0|eng d |
| 020 |
|
|
|a 9783319138008
|9 978-3-319-13800-8
|
| 024 |
7 |
|
|a 10.1007/978-3-319-13800-8
|2 doi
|
| 040 |
|
|
|d GrThAP
|
| 050 |
|
4 |
|a TJ807-830
|
| 072 |
|
7 |
|a THX
|2 bicssc
|
| 072 |
|
7 |
|a TEC031010
|2 bisacsh
|
| 082 |
0 |
4 |
|a 621.042
|2 23
|
| 245 |
1 |
0 |
|a From Molecules to Materials
|h [electronic resource] :
|b Pathways to Artificial Photosynthesis /
|c edited by Elena A. Rozhkova, Katsuhiko Ariga.
|
| 264 |
|
1 |
|a Cham :
|b Springer International Publishing :
|b Imprint: Springer,
|c 2015.
|
| 300 |
|
|
|a VIII, 321 p. 188 illus., 144 illus. in color.
|b online resource.
|
| 336 |
|
|
|a text
|b txt
|2 rdacontent
|
| 337 |
|
|
|a computer
|b c
|2 rdamedia
|
| 338 |
|
|
|a online resource
|b cr
|2 rdacarrier
|
| 347 |
|
|
|a text file
|b PDF
|2 rda
|
| 505 |
0 |
|
|a Preface -- Semiconductors for Photocatalytic and Photoelectrochemical Solar Water Splitting -- Artificial Photosynthesis Producing Solar Fuels: Natural Tactics of Photosynthesis -- The evolution of artificial-photosynthesis from molecular to organic/inorganic hybrid nano-systems -- Enzymes as exploratory catalysts in Artificial Photosynthesis -- Solar photoelectrochemical water splitting with bio-conjugate and bio-hybrid electrodes -- Hybrid (enzymatic and photocatalytic) systems for CO2-water co-processing to afford energy rich molecules -- Current challenges of CO2 photocatalytic reduction over semiconductors using sunlight -- Functionalized Nano-carbons for Artificial Photosynthesis; from Fullerenes to SWCNTs and graphene -- Plasmonic Photocatalysts with Wide Light Absorption Spectra and High Charge Separation Efficiency -- Soft X-ray Spectroscopy and Electronic Structure of 3d Transition Metal Compounds in Artificial Photosynthesis Materials -- Assessment of the electronic structure of photo-electrodes with X-ray and electron spectroscopy.
|
| 520 |
|
|
|a This interdisciplinary book focuses on the various aspects transformation of the energy from sunlight into the chemical bonds of a fuel, known as the artificial photosynthesis, and addresses the emergent challenges connected with growing societal demands for clean and sustainable energy technologies. The editors assemble the research of world-recognized experts in the field of both molecular and materials artificial systems for energy production. Contributors cover the full scope of research on photosynthesis and related energy processes.
|
| 650 |
|
0 |
|a Energy.
|
| 650 |
|
0 |
|a Renewable energy resources.
|
| 650 |
|
0 |
|a Electrochemistry.
|
| 650 |
|
0 |
|a Renewable energy sources.
|
| 650 |
|
0 |
|a Alternate energy sources.
|
| 650 |
|
0 |
|a Green energy industries.
|
| 650 |
|
0 |
|a Biomaterials.
|
| 650 |
1 |
4 |
|a Energy.
|
| 650 |
2 |
4 |
|a Renewable and Green Energy.
|
| 650 |
2 |
4 |
|a Biomaterials.
|
| 650 |
2 |
4 |
|a Electrochemistry.
|
| 700 |
1 |
|
|a Rozhkova, Elena A.
|e editor.
|
| 700 |
1 |
|
|a Ariga, Katsuhiko.
|e editor.
|
| 710 |
2 |
|
|a SpringerLink (Online service)
|
| 773 |
0 |
|
|t Springer eBooks
|
| 776 |
0 |
8 |
|i Printed edition:
|z 9783319137995
|
| 856 |
4 |
0 |
|u http://dx.doi.org/10.1007/978-3-319-13800-8
|z Full Text via HEAL-Link
|
| 912 |
|
|
|a ZDB-2-ENE
|
| 950 |
|
|
|a Energy (Springer-40367)
|